000 00362nam a2200145Ia 4500
008 150201s2006 xx 000 0 und d
082 _a617.96
_bE06G
100 _aGHORPADE, K.G.
245 _aESSENTIAL OF LOCAL ANESTHESIA WITH MCQ
250 _a1ST
260 _bJAYPEE BROTHERS
_aDELHI
_c2006
300 _a1-106
650 _aANAESTHESIOLOGY
942 _2ddc
_cBK
999 _c102
_d102